| 000 | 00398nam a2200157Ia 4500 | ||
|---|---|---|---|
| 008 | 230524s9999 xx 000 0 und d | ||
| 082 |
_a660.602 _bMAQ |
||
| 100 |
_aMohd.Maqbool _923683 |
||
| 245 | 0 | _a"Textbook of Ear,Nose and Throat Diseases" | |
| 250 | _a10TH | ||
| 260 |
_aNEW DELHI _bJaypee _c2003 |
||
| 300 | _aXI;331 | ||
| 500 | _aQuantity Number: 1 | ||
| 650 | _aBiomedical | ||
| 942 | _cBK | ||
| 999 |
_c35231 _d35231 |
||